| 000 | 00778nam a2200229 a 4500 | ||
|---|---|---|---|
| 999 |
_c447 _d447 |
||
| 001 | 447 | ||
| 003 | BD-JhCC | ||
| 005 | 20171015163536.0 | ||
| 008 | 171005s19621966bg a|||| || | 001 1 ben d | ||
| 035 | _a(BD-JhCC)447 | ||
| 040 |
_aBD-JhCC _dBD-JhCC |
||
| 041 | _aben | ||
| 082 |
_a502 _bRED 1966 |
||
| 100 | _aরীড, ম্যাক্সওয়েল | ||
| 245 |
_aআকাশ কেন নীল / _cম্যাক্সওয়েল রীড; আবদুল হাই মাশরেকী (আনু.) |
||
| 260 |
_aঢাকা : _bপ্রিমিয়ার বুকস্ |
||
| 300 |
_a116 p.; _c17cm. |
||
| 650 |
_aEarth Science _xQuestion & Answer |
||
| 700 | _aমাশরেকী, আবদুল হাই | ||
| 942 |
_2ddc _cBK |
||